Water Management and Hydraulic Engineering 2015 : 14th International Symposium. Brno, Česká republika, 8. - 10. 9. 2015 /

Saved in:
Bibliographic Details
Corporate Author: Water Management and Hydraulic Engineering 2015 Brno, Česká republika
Other Authors: Dráb, Aleš (Reviewer), Hlavínek, Petr (Reviewer)
Format: Conference Proceeding Book
Language:English
Published: Brno : Institute of Water Structures, FCE, BUT 2015
Edition:1. vyd.
Tags: Add Tag
No Tags, Be the first to tag this record!

MARC

LEADER 00000nam a22000003a 4500
001 0006878
003 SK-STU
005 20220509073455.6
007 ta
008 150911s ----xo-----e------100-0-----d
020 |a 978-80-214-5230-5 
022 |a 2410-5910 
040 |a STU  |b slo 
041 0 |a eng 
044 |a xr 
111 2 |a Water Management and Hydraulic Engineering 2015  |n 14th  |d 8. - 10. 9. 2015  |c Brno, Česká republika 
245 1 0 |a Water Management and Hydraulic Engineering 2015 :  |b 14th International Symposium. Brno, Česká republika, 8. - 10. 9. 2015 /  |c rec. Aleš Dráb, Petr Hlavínek 
250 |a 1. vyd. 
260 |a Brno :  |b Institute of Water Structures, FCE, BUT  |c 2015 
300 |a 600 s.  |e USB kľúč 
700 1 |a Dráb, Aleš  |4 rev 
700 1 |a Hlavínek, Petr  |r Z6  |4 rev 
996 |c V* 2218/sc-15  |l VV17  |s P  |a 0  |w 0006878_0001 
996 |c V* 2219/sc-15  |l VV6  |s P  |a 0  |w 0006878_0002 
996 |c V* 2225/sc-15  |l VV7  |s P  |a 0  |w 0006878_0003 
996 |c V* 2226/sc-15  |l VV7  |s P  |a 0  |w 0006878_0004 
996 |c V* 2227/sc-15  |l VV7  |s P  |a 0  |w 0006878_0005 
996 |c V* 605/A  |l VV7  |s P  |a 0  |w 0006878_0006 
996 |c V* 2229/sc-15  |l VV7  |s P  |a 0  |w 0006878_0007 
996 |c V* 2230/sc-15  |l VV7  |s P  |a 0  |w 0006878_0008 
996 |c V* 2232/sc-15  |l VV7  |s P  |a 0  |w 0006878_0009